| 000 | 01109nam a2200265 a 4500 | ||
|---|---|---|---|
| 001 | 40392 | ||
| 003 | BD-RjUL | ||
| 005 | 20250928125842.0 | ||
| 008 | 160430s2012 bg ab b 001 0 eng d | ||
| 020 |
_a9789845060493 _c: Tk. 2050.00 |
||
| 020 | _a9845060498 | ||
| 035 | _a(BD-RjUL) 40507 | ||
| 040 |
_aUKMGB _beng _erda _cUKMGB _dOCLCO _dDKAGE _dDLC _dBD-RjUL |
||
| 041 | _aeng | ||
| 082 | 0 | 4 |
_223 _a915.49202 _bBRP 2012 |
| 100 | 1 |
_aBrammer, Hugh., _9124379 |
|
| 245 | 1 | 4 |
_aThe physical geography of Bangladesh / _cHugh Brammer. |
| 260 |
_aDhaka : _bThe University Press, _cc2012 |
||
| 300 |
_axix, 547 pages : _billustrations (some color), maps (some colour) ; _c25 cm + _e1 CD-ROM |
||
| 500 | _aIncludes a CD-ROM containing Maps 1, 2, 3, and 4. | ||
| 504 | _aIncludes bibliographical references and index. | ||
| 505 | 8 | _aContents on CD: 1. Bangladesh physiographic regions and subregions -- 2. Madhupur tract subtracts -- 3. Barind tract (subregions and subtracts) -- 4. Matamuhuri tidal floodplain and Teknaf peninsula (subtracts). | |
| 650 | 0 |
_aPhysical geography _zBangladesh. _9124428 |
|
| 942 |
_2ddc _cBK |
||
| 999 |
_c40392 _d40392 |
||